[Event "Dhaka Bangabandhu op-B"]
[Site "Dhaka"]
[Date "2021.03.17"]
[Round "9"]
[White "Ahmed Jahangir, Babul"]
[Black "Islam, Kazi Taherul"]
[Result "1-0"]
[WhiteElo "1857"]
[BlackElo "1957"]
[PlyCount "135"]
[EventDate "2021.03.09"]
[EventType "swiss"]
[EventRounds "9"]
[EventCountry "BAN"]
[SourceTitle "EXT 2022"]
[Source "ChessBase"]
[SourceDate "2021.10.06"]
[SourceVersion "1"]
[SourceVersionDate "2021.10.06"]
[SourceQuality "1"]

1. e4 e5 2. Nf3 Nc6 3. Bc4 Nf6 4. d3 Be7 5. c3 0-0 6. 0-0 d6 7. h3 h6 8. Re1 Be6 9. Bb3 Bxb3 10. Qxb3 Rb8 11. Be3 d5 12. exd5 Nxd5 13. Bc1 Bf6 14. Re4 Kh7 15. a3 g6 16. c4 Nb6 17. Nbd2 Bg7 18. Nf1 Nd7 19. Re3 f5 20. Qc2 f4 21. Re2 Nc5 22. Rd2 Nd4 23. Nxd4 Qxd4 24. Rb1 Rbd8 25. b4 Ne6 26. Bb2 Qd7 27. Re1 Rf5 28. Nh2 Ng5 29. h4 Nf7 30. Nf3 g5 31. d4 Qe6 32. hxg5 hxg5 33. Rde2 Kh6 34. g4 fxg3 35. fxg3 Bf6 36. Nh2 Kg7 37. Ng4 Rf3 38. Nxf6 Rxg3+ 39. Rg2 Rxg2+ 40. Qxg2 Kxf6 41. dxe5+ Kg7 42. Qf3 Rh8 43. Rf1 Nd8 44. Qg2 Rh6 45. Rf6 Rxf6 46. exf6+ Kg6 47. Qc2+ Qf5 48. Qe2 Ne6 49. c5 c6 50. Bc3 a6 51. Kh2 Qd5 52. Qc2+ Qf5 53. Qxf5+ Kxf5 54. Kg3 Nd8 55. a4 Nf7 56. Bb2 Nh6 57. Bd4 Kg6 58. Kf3 Ng8 59. Ke4 Nxf6+ 60. Ke5 Nd5 61. b5 axb5 62. axb5 Nc7 63. b6 Nb5 64. Be3 g4 65. Ke6 Nc3 66. Kd7 Kf5 67. Kc8 Ke4 68. Bg1 1-0

[Event "Dhaka Walton op 07"]
[Site "Dhaka"]
[Date "2018.07.11"]
[Round "8"]
[White "Ahmed Jahangir, Babul"]
[Black "Md Nurul, Islam"]
[Result "0-1"]
[WhiteElo "1933"]
[BlackElo "1842"]
[PlyCount "82"]
[EventDate "2018.07.04"]
[EventType "swiss"]
[EventRounds "9"]
[EventCountry "BAN"]
[SourceTitle "EXT 2019"]
[Source "ChessBase"]
[SourceDate "2018.10.10"]
[SourceVersion "1"]
[SourceVersionDate "2018.10.10"]
[SourceQuality "1"]

1. e4 c5 2. Nc3 e6 3. Bc4 a6 4. a4 Nc6 5. d3 Nge7 6. Bg5 Qc7 7. Nf3 d5 8. Ba2 d4 9. Ne2 Ng6 10. c3 dxc3 11. bxc3 Be7 12. Be3 0-0 13. 0-0 Rd8 14. Qc2 b5 15. Rac1 Bb7 16. Rfd1 Nce5 17. Nxe5 Qxe5 18. f4 Qc7 19. Bb1 Bd6 20. Rf1 Rac8 21. Rf3 c4 22. d4 f5 23. e5 Bf8 24. Rf2 Qc6 25. axb5 axb5 26. Qb2 Ra8 27. Rd1 Ne7 28. Ng3 Nd5 29. Bc1 g6 30. Nf1 Ra3 31. Bd2 Rda8 32. Qc2 Bh6 33. h3 Rb3 34. Ba2 Rba3 35. Bb1 Ra1 36. Nh2 b4 37. cxb4 c3 38. Be1 Ne3 39. d5 exd5 40. Qb3 Nxd1 41. Qxd1 d4 0-1

[Event "Dhaka Walton op 07"]
[Site "Dhaka"]
[Date "2018.07.10"]
[Round "7"]
[White "Mohammed, Salim"]
[Black "Ahmed Jahangir, Babul"]
[Result "0-1"]
[WhiteElo "1819"]
[BlackElo "1933"]
[PlyCount "76"]
[EventDate "2018.07.04"]
[EventType "swiss"]
[EventRounds "9"]
[EventCountry "BAN"]
[SourceTitle "EXT 2019"]
[Source "ChessBase"]
[SourceDate "2018.10.10"]
[SourceVersion "1"]
[SourceVersionDate "2018.10.10"]
[SourceQuality "1"]

1. c4 e5 2. Nc3 f5 3. d3 Bb4 4. Bd2 Nf6 5. g3 Nc6 6. Bg2 0-0 7. e3 d6 8. Nge2 a6 9. 0-0 Ne7 10. Rc1 c6 11. d4 e4 12. Nf4 Bxc3 13. Bxc3 d5 14. Bb4 dxc4 15. Rxc4 g5 16. Nh3 Be6 17. Rc1 h6 18. Kh1 Rf7 19. Bxe7 Qxe7 20. Rc5 Qd7 21. Ng1 Nd5 22. Qh5 Kg7 23. Ne2 Nf6 24. Qxf7+ Bxf7 25. b3 Nd5 26. a3 Re8 27. Rfc1 Re6 28. Bh3 Rf6 29. b4 Qe8 30. Kg1 f4 31. exf4 gxf4 32. Bf1 f3 33. Nc3 e3 34. Re1 exf2+ 35. Kxf2 Re6 36. Rxe6 Bxe6 37. Nxd5 Bxd5 38. a4 Qe4 0-1

[Event "Dhaka Walton op 07"]
[Site "Dhaka"]
[Date "2018.07.09"]
[Round "6"]
[White "Ahmed Jahangir, Babul"]
[Black "Shahnaz, Mohammad Faruque"]
[Result "0-1"]
[WhiteElo "1933"]
[BlackElo "1813"]
[PlyCount "90"]
[EventDate "2018.07.04"]
[EventType "swiss"]
[EventRounds "9"]
[EventCountry "BAN"]
[SourceTitle "EXT 2019"]
[Source "ChessBase"]
[SourceDate "2018.10.10"]
[SourceVersion "1"]
[SourceVersionDate "2018.10.10"]
[SourceQuality "1"]

1. e4 e6 2. d4 d5 3. exd5 exd5 4. Bd3 Nc6 5. c3 Bd6 6. Nf3 Nge7 7. Bg5 f6 8. Bh4 Bf5 9. Qc2 Qd7 10. Bg3 Qe6+ 11. Kd1 Bxd3 12. Qxd3 Bxg3 13. hxg3 Qf5 14. Kc2 0-0 15. Nbd2 Rfe8 16. Rae1 h6 17. Re2 Qxd3+ 18. Kxd3 Nf5 19. Rhe1 Kf7 20. b4 Nd6 21. Nh2 Rxe2 22. Rxe2 a5 23. bxa5 Nxa5 24. Nhf1 Nac4 25. Nb3 b6 26. g4 Re8 27. Ng3 Rxe2 28. Nxe2 c6 29. f3 f5 30. gxf5 Nxf5 31. Nd2 Nxd2 32. Kxd2 Nh4 33. Nf4 g5 34. Nd3 Nxg2 35. Ne5+ Ke6 36. Nxc6 h5 37. Ke2 h4 38. Kf2 Nf4 39. Ne5 b5 40. a3 Kf5 41. Nf7 Nd3+ 42. Kg2 Kf4 43. Nd6 Ne1+ 44. Kf2 h3 45. Kg1 Nxf3+ 0-1

[Event "Dhaka Walton op 07"]
[Site "Dhaka"]
[Date "2018.07.06"]
[Round "3"]
[White "Mohammad, Hasan"]
[Black "Ahmed Jahangir, Babul"]
[Result "1-0"]
[WhiteElo "1691"]
[BlackElo "1933"]
[PlyCount "101"]
[EventDate "2018.07.04"]
[EventType "swiss"]
[EventRounds "9"]
[EventCountry "BAN"]
[SourceTitle "EXT 2019"]
[Source "ChessBase"]
[SourceDate "2018.10.10"]
[SourceVersion "1"]
[SourceVersionDate "2018.10.10"]
[SourceQuality "1"]

1. e4 e5 2. Bc4 Nf6 3. d4 Nc6 4. Nf3 Bd6 5. dxe5 Bxe5 6. Nxe5 Nxe5 7. Bb3 0-0 8. Nc3 d6 9. Bg5 h6 10. Bh4 g5 11. Bg3 Ng6 12. Qd2 Bg4 13. f3 Be6 14. Bxe6 fxe6 15. h4 Nh5 16. Bf2 Nhf4 17. g3 Ne5 18. 0-0-0 Nxf3 19. Qe3 Ng6 20. Qe2 g4 21. h5 Nge5 22. Be3 Kh7 23. Bf4 Qe7 24. b3 a6 25. Qe3 Qg7 26. Kb1 b5 27. Ne2 Rfb8 28. Bxe5 Qxe5 29. Nf4 a5 30. Ng6 Qg5 31. Qc3 Qd8 32. e5 d5 33. Qd3 Kg7 34. Nf4 Qe8 35. Rdf1 a4 36. Rxf3 gxf3 37. Rh4 Qf7 38. Rg4+ Kh8 39. Qxf3 Qf5 40. Ng6+ Kh7 41. Rf4 Qg5 42. Rf7+ Kg8 43. Ne7+ Kh8 44. Qd3 Qg7 45. Rxg7 Kxg7 46. Qg6+ Kf8 47. Qf6+ Ke8 48. Qxe6 Kf8 49. Ng6+ Kg7 50. Qf6+ Kg8 51. Ne7+ 1-0

[Event "BAN-chT"]
[Site "Dhaka"]
[Date "2017.12.13"]
[Round "5.1"]
[White "Mohammad, Minhaz Uddin"]
[Black "Ahmed Jahangir, Babul"]
[Result "1-0"]
[WhiteElo "2391"]
[BlackElo "1938"]
[PlyCount "49"]
[EventDate "2017.12.09"]
[EventType "team-tourn"]
[EventRounds "11"]
[EventCountry "BAN"]
[SourceTitle "CBM 182 Extra"]
[Source "ChessBase"]
[SourceDate "2018.02.23"]
[SourceVersion "1"]
[SourceVersionDate "2018.02.23"]
[SourceQuality "1"]
[WhiteTeam "Bangladesh Navy"]
[BlackTeam "Sultana Kamal Smirity Pathagar"]
[WhiteTeamCountry "BAN"]
[BlackTeamCountry "BAN"]

1. e4 c5 2. Nf3 Nc6 3. Bb5 Nd4 4. Nxd4 cxd4 5. 0-0 a6 6. Bc4 e6 7. a4 Ne7 8. Qh5 Qc7 9. d3 g6 10. Qh4 Bg7 11. Bg5 d6 12. Bf6 Bxf6 13. Qxf6 0-0 14. Qxd4 Nc6 15. Qf6 Ne5 16. Bb3 Bd7 17. h3 Qb6 18. Ra3 Rac8 19. Nc3 Qb4 20. Ne2 Qd2 21. Ng3 Rc6 22. f4 Nxd3 23. cxd3 e5 24. fxe5 Be8 25. e6 1-0